Les adaptations de Tintin - Statistiques

Statistiques générales
  • Ce quiz a été pris 33 fois
  • Le résultat moyen est 16 sur 37
Statistiques - réponses
Hint Réponse % Correct
Films longs métrages S Les aventures de Tintin : Le {secret} de la Licorne
93%
Jeux vidéo S Les aventures de Tintin : Le {secret} de la Licorne
93%
Films longs métrages C Le {crabe} aux pinces d'or
86%
Pièces de théâtre C Les Bijoux de la {Castafiore}
86%
Albums hors-série R Tintin et le lac aux {requins}
82%
Films longs métrages R Tintin et le lac aux {requins}
82%
Jeux vidéo S Tintin : Le temple du {soleil}
82%
Jeux vidéo T Tintin au {Tibet}
79%
Jeux vidéo L Tintin sur la {lune}
79%
Films longs métrages T Tintin et le {temple} du soleil
75%
Jeux vidéo A Tintin : Objectif {Aventure}
75%
Séries télévisées A Les {aventures} de Tintin
71%
Albums hors-série T Tintin et le mystère de la {toison d'or}
68%
Films longs métrages T Tintin et le mystère de la {toison d'or}
68%
Albums hors-série O Tintin et les {oranges} bleues
68%
Films longs métrages O Tintin et les {oranges} bleues
68%
Folioscopes O Un {os} pour Milou
64%
Pièces de théâtre B Le Mystère du diamant {bleu}
50%
Jeux vidéo B Mille {Bornes} Tintin
29%
Jeux de société B Mille {Bornes} Tintin
29%
Jeux vidéo R Tintin {Reporter} - Les Cigares du pharaon
29%
Feuilleton D Dupont et Dupond, {détectives}
25%
Albums de jeux M Jouons avec Tintin à {Moulinsart}
21%
Albums de jeux S Jouons avec Tintin en {Syldavie}
21%
Romans R Les Aventures de Tintin, le {roman} du film
21%
Jeux de société M Tintin et Milou dans le {Monde}
18%
Albums hors-série G Les aventures de la 2CV et de la {grotte} hantée
7%
Jeux de société O Les Aventures de Tintin : le jeu {officiel}
7%
Folioscopes C Haddock et le {chapeau}
4%
Pièces de théâtre B Monsieur {Boullock} a disparu
4%
Court métrage S Tintin et la {SGM}
4%
Pièces de théâtre C Coup de {crayon}
0%
Albums hors-série C Les aventures de Tintin : {Cinéalbum}
0%
Albums hors-série R Les aventures mystérieuses et {rocambolesques} de l'Agent Spatial
0%
Albums hors-série G Les {gorilles} de la vedette
0%
Albums hors-série E Les magiciens d'{eau}
0%
Romans T Tintin et Milou chez les {Toréadors}
0%
Aucun quiz correspondant
Distribution des résultats
% des personnes avec chaque résultat
Percentile par nombre de réponses
Votre historique - résultats
Vous n’avez pas pris ce quiz